000 00396nam a2200133Ia 4500
008 100328s9999 xx 000 0 und d
082 _b30355
100 _aगांधी मो. क.
245 _aगीता-विचार (2)
260 _bगांाी वाङेमय
630 _aगीता-विचार (2)
730 _aगीता-विचार (2)
942 _cBOOK
999 _c521329
_d521326